000 00548nam a2200193Ia 4500
005 20250508161756.0
008 008 250505s9999 xx 000 0 eng d
037 _aTextual
040 _aFEDL
_beng
_cFEDL
041 _aeng
_2eng
084 _a016.378, NAT
_qFEDL
245 0 _aNational catalogue of University level books 1971
260 _aNew Delhi, India
_bNational Book Trust
_c1972
300 _avi,648p.
365 _aINR
_b39
650 _aBibliographies
942 _cTEXL
_h016.378, NAT
999 _c1372117
_d1372117